| 000 | 00386nam a2200169Ia 4500 | ||
|---|---|---|---|
| 005 | 20240617111243.0 | ||
| 008 | 240331s9999 xx 000 0 und d | ||
| 082 |
_bGAN _a891.48 |
||
| 100 | _aGanesalingan, S | ||
| 245 | 0 | _aNallavan | |
| 260 |
_achennai _bKumaran Piblishers _c2004 |
||
| 300 | _a200 p ., | ||
| 650 | _aRituals | ||
| 650 | _aLiterature | ||
| 650 | _aWoman | ||
| 942 | _cL | ||
| 999 |
_c3888 _d3888 |
||